The miserable mill (Record no. 9198)

MARC details
000 -LEADER
fixed length control field 00689nam a22002057a 4500
003 - CONTROL NUMBER IDENTIFIER
control field OSt
005 - DATE AND TIME OF LATEST TRANSACTION
control field 20260317021028.0
008 - FIXED-LENGTH DATA ELEMENTS--GENERAL INFORMATION
fixed length control field 260317b |||||||| |||| 00| 0 eng d
020 ## - INTERNATIONAL STANDARD BOOK NUMBER
International Standard Book Number 0-06-440769-1
040 ## - CATALOGING SOURCE
Original cataloging agency DWCL GS lib
Transcribing agency OC
100 ## - MAIN ENTRY--PERSONAL NAME
Personal name SNICKET, LEMOMY
245 ## - TITLE STATEMENT
Title The miserable mill
Statement of responsibility, etc. SNICKET, LEMOMY
260 ## - PUBLICATION, DISTRIBUTION, ETC.
Place of publication, distribution, etc. New York
Name of publisher, distributor, etc. Harper Collins Publishers,
Date of publication, distribution, etc. 2000
300 ## - PHYSICAL DESCRIPTION
Extent vii, 194 pages
Dimensions 18cm.
520 ## - SUMMARY, ETC.
Summary, etc. The book highlights themes of ineffectual authority figures, as Sir fails to protect the children and prioritizes profits over their safety.
546 ## - LANGUAGE NOTE
Language note English
650 ## - SUBJECT ADDED ENTRY--TOPICAL TERM
Source of heading or term Gothic fiction
650 ## - SUBJECT ADDED ENTRY--TOPICAL TERM
Source of heading or term absurdist comedy
942 ## - ADDED ENTRY ELEMENTS (KOHA)
Source of classification or shelving scheme Dewey Decimal Classification
Koha item type Fiction
Classification part Fic.
Suppress in OPAC No

No items available.